LEADER 01824nam a2200301 i 4500 001 000000191149 003 CaOOAMICUS 005 20251125124715.0 008 150811s1741 it u000 u lat u 013 $a169642 026 $a1.u- 7403 r.ci date (3) 1741 (R) 040 $aSeMil$bita 100 1 $aUssher, James,$d<1581-1656>.$0(OLS)http://semarc/name/14248 245 10$aJacobi Usserii Armachani Annales Veteris, et Novi Testamenti a prima mundi origine deducti. Una cum rerum Asiaticarum, et Aegyptiacarum chronico, a temporis historici principio usque ad extremum templi, et reipublicae Judaicae excidium producto. 250 $aEditio nova, in qua Annales nunc primum manu auctoris emendatiores & auctiores prodeunt: ... 260 $aVeronae :$bEx typographia Antonii Berni bibliopolae in Regione Leonum,$c1741. 300 $a[8], 591, [1] p., [1] carta di tav. :$bfol. 500 $aFront. stampato in rosso e nero 500 $aSegn.: *4 A-4E4 500 $aRitratto e vignetta calcogr. sul front. incisi da Giuseppe Filosi 500 $aIniz., testatine xilogr. 700 1 $aFilosi, Giuseppe .$0(OLS)http://semarc/name/13001 700 1 $aBerni, Pietro Antonio,$c.$0(OLS)http://semarc/name/4520 850 $aSeMil 852 $aSeMil$W1$xVenegono$y1$m2Y VIII 3 FA$j141763$B141763$CSeMilBibl$Z2$F153332 $8I 996 $6245$aJacobi Usserii Armachani Annales Veteris, et Novi Testamenti a prima mundi origine deducti. Una cum rerum Asiaticarum, et Aegyptiacarum chronico, a temporis historici principio usque ad extremum templi, et reipublicae Judaicae excidium producto$9(OLS)http://semarc/title/275443 996 $6260$aVeronae :$bEx typographia Antonii Berni bibliopolae in Regione Leonum$9(OLS)http://semarc/publisher/50264 LEADER 00707naa a2200157 i 4500 001 000000306316 003 CaOOAMICUS 005 20180831172854.0 008 180831n it u000 u ita u 013 $a14749 040 $aSeMil$bita 100 1 $aAmato, Angelo .$0(OLS)http://semarc/name/1474 245 10$aConsiderazioni in margine alla dimensione cosmica della salvezza in Cristo. 650 4$aGesł Cristo - Salvezza cosmica.$0(OLS)http://semarc/subject/43436 773 0 $tDivinarum Rerum notitia.$dRoma : Studium, 2001.$kCultura$z88-382-3864-2$gp.91-107$w()77464 996 $6245$aConsiderazioni in margine alla dimensione cosmica della salvezza in Cristo$9(OLS)http://semarc/title/381735